01406nam a2200433 i 450000100060000000300090000600500170001500800390003201500180007102000150008903500210010404000280012504100080015304600090016108000150017008000180018508000150020308000120021810000370023024500410026726000970030830000700040533600270047533700540050233800280055638000160058438000270060038500390062738800100066650400280067664800100070465000290071465100110074365500300075465800300078465800340081471000260084885600980087451810KOSZ 00520210601150637.0050307s2004 pl a f f |000 0 pol aPB 2005/10671 a8389388820 a(OCoLC)750018046 aWA NcWA NdKOSZ 005/HR0 apol k2004 a332.6(438) a528.3/.4(438) a347.2(438) a(075.8)1 aHycner, Ryszardd(1943- )eAutor10aPodstawy katastru /cRyszard Hycner. aKraków :bAkademia Górniczo-Hutnicza. Uczelniane Wydawnictwa Naukowo-Dydaktyczne,c2004. a292, [1] s., [3] k. tabl. złoż. :bfaks., mapy, rys. ;c24 cm. 2rdacontentaTekstbtxt 2rdamediaaBez urządzenia pośredniczącegobn 2rdacarrieraWoluminbnc aKsiążki aPublikacje dydaktyczne mPoziom nauczaniaaSzkoły wyższe a2001- aBibliogr. s. 283-[293]. a2001- 4aKataster nieruchomości 7aPolska 4aPodręczniki akademickie aGeografia i nauki o Ziemi aGospodarka, ekonomia, finanse2 aWydawnictwo AGH4pbl. uhttp://koha.tu.koszalin.pl/cgi-bin/koha/opac-detail.pl?biblionumber=51810yKatalog online BPK